Essentials of technical analysis for financial markets / (Record no. 275992)
[ view plain ]
| 000 -LEADER | |
|---|---|
| fixed length control field | 01093cam a2200325 a 4500 |
| 001 - CONTROL NUMBER | |
| control field | 16039135 |
| 005 - DATE AND TIME OF LATEST TRANSACTION | |
| control field | 20141001153807.0 |
| 008 - FIXED-LENGTH DATA ELEMENTS--GENERAL INFORMATION | |
| fixed length control field | 100104s2010 njua 001 0 eng |
| 010 ## - LIBRARY OF CONGRESS CONTROL NUMBER | |
| LC control number | 2009051054 |
| 015 ## - NATIONAL BIBLIOGRAPHY NUMBER | |
| National bibliography number | GBB006688 |
| Source | bnb |
| 016 7# - NATIONAL BIBLIOGRAPHIC AGENCY CONTROL NUMBER | |
| Record control number | 015468083 |
| Source | Uk |
| 020 ## - INTERNATIONAL STANDARD BOOK NUMBER | |
| International Standard Book Number | 9780470537299 (pbk.) |
| 020 ## - INTERNATIONAL STANDARD BOOK NUMBER | |
| International Standard Book Number | 0470537299 (pbk.) |
| 035 ## - SYSTEM CONTROL NUMBER | |
| System control number | (OCoLC)ocn460062029 |
| 040 ## - CATALOGING SOURCE | |
| Original cataloging agency | DLC |
| Transcribing agency | DLC |
| Modifying agency | BTCTA |
| -- | UKM |
| -- | YDXCP |
| -- | C#P |
| -- | CDX |
| -- | BWX |
| -- | DLC |
| 050 00 - LIBRARY OF CONGRESS CALL NUMBER | |
| Classification number | HG 4529 |
| Item number | .C456 2010 |
| 082 00 - DEWEY DECIMAL CLASSIFICATION NUMBER | |
| Classification number | 332.63/2042 |
| 100 1# - MAIN ENTRY--PERSONAL NAME | |
| Personal name | Chen, James, |
| Dates associated with a name | 1971- |
| 245 10 - TITLE STATEMENT | |
| Title | Essentials of technical analysis for financial markets / |
| Statement of responsibility, etc | James Chen. |
| 260 ## - PUBLICATION, DISTRIBUTION, ETC. (IMPRINT) | |
| Place of publication, distribution, etc | Hoboken, N.J. : |
| Name of publisher, distributor, etc | Wiley, |
| Date of publication, distribution, etc | c2010. |
| 300 ## - PHYSICAL DESCRIPTION | |
| Extent | xvii, 283 pages : |
| Other physical details | illustrations ; |
| Dimensions | 23 cm. |
| 490 1# - SERIES STATEMENT | |
| Series statement | Essentials series |
| 500 ## - GENERAL NOTE | |
| General note | Includes index. |
| 521 ## - TARGET AUDIENCE NOTE | |
| Target audience note | Business Administration |
| 650 #0 - SUBJECT ADDED ENTRY--TOPICAL TERM | |
| Topical term or geographic name as entry element | Investment analysis. |
| 830 #0 - SERIES ADDED ENTRY--UNIFORM TITLE | |
| Uniform title | Essentials series. |
| 906 ## - LOCAL DATA ELEMENT F, LDF (RLIN) | |
| a | 7 |
| b | cbc |
| c | orignew |
| d | 1 |
| e | ecip |
| f | 20 |
| g | y-gencatlg |
| 942 ## - ADDED ENTRY ELEMENTS (KOHA) | |
| Source of classification or shelving scheme | Library of Congress Classification |
| Koha item type | Books |
| Call number prefix | Foreign |
| Withdrawn status | Lost status | Source of classification or shelving scheme | Damaged status | Home library | Current library | Shelving location | Date acquired | Source of acquisition | Total Checkouts | Total Renewals | Full call number | Barcode | Date last seen | Date checked out | Price effective from | Koha item type |
|---|---|---|---|---|---|---|---|---|---|---|---|---|---|---|---|---|
| Library of Congress Classification | College Library | College Library | General Circulation Section | 10/01/2014 | Library Fund | 1 | 54 | HG 4529 .C456 2010 | C18819 | 10/19/2018 | 12/08/2017 | 10/01/2014 | Books |